000 013490000a22003370004500
003 EG-GICUC
005 20250223032948.0
008 070412s2003 ua d f m 000 0 eng d
040 _aEG-GICUC
_beng
_cEG-GICUC
041 0 _aEng
049 _aDeposite
097 _aM.Sc
099 _aCai01.12.15.M.Sc.2003.Ga.I
100 0 _aGamal Eldin Mohamed Radwan
245 1 0 _aImpact of human activities on coral reef sedimentary environment along mabahiss bay , North to Hurghada city , Red Sea , Egypt /
_cGamal Eldin Mohamed Radwan ; Supervised
246 1 5 _aتاثير النشاط الانسانى على بيئة الشعاب المرجانية فى خليج مباحث : شمال مدينة الغردقة - البحر الاحمر - مصر
260 _aCairo :
_bGamal Eldin Mohamed Radwan ,
_c2003
300 _a132P :
_bcharts ;
_c30cm
502 _aThesis (M.Sc.) - Cairo University - Faculty Of Science - Department Of Geology
530 _aIssued also as CD
653 4 _aCoral reef sedimentary
653 4 _aHuman activities
653 4 _aMabahiss bay
700 0 _aAhmed H.Nawwar ,
_eSupervisor
700 0 _aAhmed M.AbuKhadra ,
_eSupervisor
700 0 _aOsama E.A.Attia ,
_eSupervisor
856 _uhttp://172.23.153.220/th.pdf
905 _aMustafa
_eRevisor
905 _aSamia
_eCataloger
942 _2ddc
_cTH
999 _c85153
_d85153